| 000 | 00522nam a2200181Ia 4500 | ||
|---|---|---|---|
| 003 | GCL | ||
| 008 | 140319s9999 xx 000 0 eng d | ||
| 040 |
_aGCL / _cGCL |
||
| 082 | 0 | 4 |
_aCC _b932.022 _bM R |
| 100 | 1 | _aMINISTERS DEGLI AFFARI ESTERI | |
| 245 | 1 | 0 |
_aROMA E L'EGITTO NELL'ANTICHITA CLASSICA / _cMINISTERS DEGLI AFFARI ESTERI |
| 260 |
_a[S.N] : _bISTITUTO POLIGRAFICO ، _c1992 |
||
| 300 | _a364 P | ||
| 650 | 0 | 4 | _aALEXANDRIA |
| 650 | 0 | 4 | _aROMAN EMPIRE |
| 650 | 0 | 4 | _aEGYPT, GRECO ROMAN PERIOD |
| 942 |
_2ddc _cBK |
||
| 999 |
_c20302 _d20302 |
||